<?xml version="1.0" encoding="UTF-8"?>
<marc:record xmlns:marc="http://www.loc.gov/MARC21/slim">
   <marc:leader>00000nam a2200000 a 4500</marc:leader>
   <marc:datafield ind1="0" ind2="0" tag="245">
      <marc:subfield code="a">Bob der Baumeister: Viel zu tun im Sonnenblumental [Bildtonträger]</marc:subfield>
   </marc:datafield>
   <marc:datafield ind1="0" ind2="0" tag="245">
      <marc:subfield code="b">neue Abenteuer: Bob und sein Team bauen im Sonnenblumental</marc:subfield>
   </marc:datafield>
   <marc:datafield ind1=" " ind2="1" tag="264">
      <marc:subfield code="b">Sony Music Entertainment</marc:subfield>
      <marc:subfield code="c">2006</marc:subfield>
   </marc:datafield>
   <marc:datafield ind1="1" ind2=" " tag="490">
      <marc:subfield code="a">Bob der Baumeister</marc:subfield>
      <marc:subfield code="v">18</marc:subfield>
   </marc:datafield>
   <marc:datafield ind1="1" ind2=" " tag="520">
      <marc:subfield code="a">Bob betreibt einen Bauhof in Bobhausen. Gemeinsam mit seinen sprechenden Fahrzeugen und Geräten, zum Beispiel Dampdwalze Rumpel und Zementmischer Mixi, erledigt er alle Arbeiten, die in der kleinen Gemeinde anfallen. Von Straßenreparaturen über Klempnerarbeiten bis hin zum Gartenbau - Bob und seine Truppe sind immer zur Stelle, wenn sie gebraucht werden. Und als im Sonnenblumental eine neue Stadt gebaut werden soll, können sie sich vor Arbeit kaum noch retten.</marc:subfield>
   </marc:datafield>
   <marc:datafield ind1=" " ind2=" " tag="020">
      <marc:subfield code="a">2876862009</marc:subfield>
      <marc:subfield code="9">2876862009</marc:subfield>
   </marc:datafield>
   <marc:datafield ind1=" " ind2=" " tag="500">
      <marc:subfield code="a">Sprache: Deutsch</marc:subfield>
   </marc:datafield>
   <marc:datafield ind1="0" ind2=" " tag="490">
      <marc:subfield code="v">0</marc:subfield>
   </marc:datafield>
   <marc:datafield ind1=" " ind2=" " tag="300">
      <marc:subfield code="a">1 DVD (50 Min.) : farbig</marc:subfield>
   </marc:datafield>
</marc:record>
